Statistics for Countries With Legal Same-Sex Marriage

Click here to take the quiz!

General Stats

  • This quiz has been taken 72 times
  • The average score is 17 of 20

Answer Stats

Year Legalized Answer % Correct
2013France
99%
2005Spain
97%
2015United States
96%
2009Norway
94%
2012Denmark
94%
2009Sweden
94%
2013*United Kingdom
93%
2005Canada
91%
2015Ireland
88%
2010Portugal
85%
2003Belgium
85%
2013New Zealand
85%
2015Finland
85%
2000Netherlands
82%
2010Iceland
79%
2014Luxembourg
78%
2013Brazil
76%
2010Argentina
69%
2006South Africa
52%
2013Uruguay
51%

Score Distribution

Percentile by Number Answered

Percent of People with Each Score

Your Score History

You have not taken this quiz